000 02560cam a2200337 a 4500
003 EG-GiCUC
005 20250223031710.0
008 170401s2016 ua f m 000 0 eng d
040 _aEG-GiCUC
_beng
_cEG-GiCUC
041 0 _aeng
049 _aDeposite
097 _aM.Sc
099 _aCai01.15.03.M.Sc.2016.Ta.J
100 0 _aTamanny Raafat Elnashar
245 1 0 _aJob satisfaction of academic staff in the mass communication colleges in Egypt /
_cTamanny Raafat Elnashar ; Supervised Hanan Farouk Gunied , Reem Adel
246 1 5 _aالرضا الوظيفى لدى أعضاء هيئة التدريس الأكاديمى بمجال الاتصال
260 _aCairo :
_bTamanny Raafat Elnashar ,
_c2016
300 _a250 Leaves ;
_c30cm
502 _aThesis (M.Sc.) - Cairo University - Faculty of Mass Communication - Department of Public Relations and Advertising
520 _aThe purpose of this study is to conduct a survey to identify the degree of the job satisfaction among the mass communication academic staff in the Egyptian universities, to determine the factors affecting their job satisfaction and to explore the relationship between job satisfaction and job performance of the mass communication academic staff. This study also aims to identify the job satisfaction criteria and investigate the demographic variables that influence the job satisfaction and job performance of the mass communication academic staff. The importance of this research contributes to studying the job satisfaction as being an important factor influencing any successful organization, or any organization that places success in the list of its priorities. Besides, the significance of this study is being related to the opinion makers in this country; the academic staff in the mass communication colleges in the Egyptian universities, who set the agenda for the future generations who are the nucleus of this community and the backbone of this nation. Four research questions directed this study. Five Hypotheses were tested. Three hundred mass communication academic staff members were randomly assigned as participants and represented all 16 Egyptian universities; governmental and private
530 _aIssued also as CD
653 4 _aJob performance
653 4 _aJob satisfaction
653 4 _aMass communication colleges
700 0 _aHanan Farouk Gunied ,
_eSupervisor
700 0 _aReem Adel ,
_eSupervisor
856 _uhttp://172.23.153.220/th.pdf
905 _aNazla
_eRevisor
905 _aSamia
_eCataloger
942 _2ddc
_cTH
999 _c60463
_d60463